Filmzitate - Statistiken

Allgemein
  • Dieses Quiz wurde 1.743 mal gespielt
  • Das Durchschnittsergebnis liegt bei 10 aus 15
Antwortstatistiken
Zitat Film % Korrekt
Ein Ring sie zu knechten, sie alle zu finden, ins Dunkel zu treiben und ewig zu binden, im Lande Mordor, wo die Schatten drohn. Der Herr der Ringe: Die Gefährten
96%
Ihr seid der schlechteste Pirat, von dem ich je gehört habe. - Aber Ihr habt von mir gehört. Pirates of the Caribbean - Fluch der Karibik
94%
Hakuna Matata, diesen Spruch sag ich gern! Hakuna Matata, gilt stets als modern! Der König der Löwen
92%
Es war einmal vor langer Zeit in einer weit, weit entfernten Galaxis... Star Wars
92%
Martini, geschüttelt, nicht gerührt. James Bond
91%
Zuhaus... telefonieren... E.T. - Der Außerirdische
88%
Ich bin der König der Welt! Titanic
85%
Das Leben ist wie eine Schachtel Pralinen, man weiß nie was man kriegt. Forrest Gump
84%
Yippie-Ya-Yay, du Schweinebacke! Stirb langsam
64%
Houston, wir haben ein Problem. Apollo 13
59%
Supercalifragilisticexpialigetisch, dieses Wort klingt durch und durch furchtbar weil synthethisch. Mary Poppins
52%
Straßen? Wo wir hinfahren, brauchen wir keine Straßen. Zurück in die Zukunft
45%
Ich sehe tote Menschen. Sie wissen nicht, dass sie tot sind. The Sixth Sense
37%
Das Leben findet einen Weg. Jurassic Park
27%
Wir werden Ihre biologischen und technologischen Charakteristika den unsrigen hinzufügen. Ihre Kultur wird sich anpassen und uns dienen. Widerstand ist Zwecklos! Star Trek: Der erste Kontakt
7%
Keine übereinstimmenden Quizze gefunden
Verteilung der Resultate
Anzahl Personen mit jedem Resultat
Perzentil nach korrekt beantworteten Fragen
Ihre Resultats-Entwicklung
Sie haben dieses Quiz noch nicht gespielt